书目信息 |
| 题名: |
GIS在城市管理中的应用
|
|
| 作者: | 姚永玲 编著 | |
| 分册: | ||
| 出版信息: | 北京 中国人民大学出版社 2005.90 |
|
| 页数: | ||
| 开本: | 32开 | |
| 丛书名: | ||
| 单 册: | ||
| 中图分类: | TL1984-39 | |
| 科图分类: | ||
| 主题词: | 核技术--基础理论 | |
| 电子资源: | ||
| ISBN: | 7-300-06804-9 | |
| 000 | 00566nam0 2200181 450 | |
| 001 | 0736196517 | |
| 005 | 20070924100316.51 | |
| 010 | @a7-300-06804-9@d¥26.00 | |
| 100 | @a20070924d km y0chiy0120 ea | |
| 101 | 0 | @achi |
| 200 | 1 | @aGIS在城市管理中的应用@AGIS zai cheng shi guan li zhong de ying yong@f姚永玲 编著@Fyao yong ling bian zhu |
| 210 | @a北京@c中国人民大学出版社@d2005.90 | |
| 215 | @d32开 | |
| 606 | 0 | @a核技术@x基础理论 |
| 690 | @aTL1984-39@v3 | |
| 701 | 0 | @a姚永玲@Ayao yong ling@4编著 |
| 801 | 0 | @aCN@bPFT@c20070924 |
| 905 | @a213230@dTL1984-39@eZY14@f1 | |
| GIS在城市管理中的应用/姚永玲 编著.-北京:中国人民大学出版社,2005.90 |
| 32开 |
| ISBN 7-300-06804-9:¥26.00 |
| ● |
| 相关链接 |
|
|
|
|
正题名:GIS在城市管理中的应用
索取号:TL1984-39/ZY14
 
预约/预借
| 序号 | 登录号 | 条形码 | 馆藏地/架位号 | 状态 | 备注 |
| 1 | 7902357 | 279023575 | 资源管理系资料室/ [索取号:TL1984-39/ZY14] | 在馆 |